[Event "Let's Play Chess!"]
[Site "http://www.queenalice.com/game.php?id=1099119"]
[Date "2012.9.3"]
[Round "-"]
[White "alex_white8706"]
[Black "charles31"]
[Result "1-0"]
[WhiteElo "1500"]
[BlackElo "1775"]

1. f4 d5 2. Nf3 h6 3. Nc3 a6 4. g3 Nc6 5. Nxd5 e6 6. Nc3 Nf6 7. Ne5 Bd7 8. Bg2
Bd6 9. Nxd7 Qxd7 10. e4 Bb4 11. e5 Nh7 12. a3 Bxc3 13. dxc3 Qxd1+ 14. Kxd1 Rd8+
15. Ke2 O-O 16. Be3 f5 17. exf6 Rxf6 18. Rad1 Rxd1 19. Rxd1 e5 20. Bd5+ Kf8 21.
fxe5 Nxe5 22. Bc5+ Ke8 23. Bd4 Ng4 24. Bxf6 Nhxf6 25. Bxb7 a5 26. h4 Ke7 27. Rd4
c5 28. Ra4 Ne5 29. Rxa5 Kd6 30. b4 cxb4 31. axb4 Nc4 32. Rf5 Ng4 33. Rd5+ Ke6
34. Rd4 Nge5 35. Bd5+ Kf5 36. Rf4+ Kg6 37. Bxc4 1-0

[Event "Challenge"]
[Site "http://www.queenalice.com/game.php?id=1099305"]
[Date "2012.9.3"]
[Round "-"]
[White "alex_white8706"]
[Black "Wigmont"]
[Result "1-0"]
[WhiteElo "1838"]
[BlackElo "1300"]

1. c4 d6 2. Nc3 e5 3. d4 exd4 4. Qxd4 Nc6 5. Qd2 Be7 6. f4 Nf6 7. Nf3 O-O 8. e3
Ng4 9. Be2 Bf6 10. Nd5 a5 11. O-O Bf5 12. h3 Be4 13. hxg4 b5 14. Nxf6+ Qxf6 15.
Ng5 Bg6 16. Bf3 d5 17. Bxd5 Rad8 18. e4 h6 19. f5 Ne7 20. fxg6 Qxg6 21. a3 hxg5
22. Bxf7+ Rxf7 23. Qxd8+ Kh7 24. Rxf7 Qxf7 25. Bxg5 Kg6 26. Bxe7 c5 27. Rf1 Qxc4
28. Qe8+ Kh7 29. Qh5+ Kg8 30. Rf8# 1-0

[Event "TAXI II"]
[Site "http://www.queenalice.com/game.php?id=1099398"]
[Date "2012.9.3"]
[Round "-"]
[White "rogeriooliveira"]
[Black "alex_white8706"]
[Result "1-0"]
[WhiteElo "1446"]
[BlackElo "1722"]

1. e4 c5 2. d4 cxd4 3. Qxd4 Nc6 4. Qd5 Nf6 5. Qd3 d5 6. exd5 Nxd5 7. Nf3 Bg4 8.
h3 Ndb4 9. Qd2 Qxd2+ 10. Kxd2 Bxf3 11. gxf3 1-0

[Event "Challenge"]
[Site "http://www.queenalice.com/game.php?id=1099413"]
[Date "2012.9.4"]
[Round "-"]
[White "alex_white8706"]
[Black "EduardoObjetivo"]
[Result "0-1"]
[WhiteElo "1838"]
[BlackElo "1634"]

1. b4 e5 2. Nc3 Bxb4 3. Nf3 Nc6 4. Bb2 Nf6 5. Ba3 Bxa3 6. e3 Bb2 7. Rb1 Bxc3 8.
dxc3 O-O 9. Be2 d6 10. O-O b6 11. Bb5 Ne7 12. Ng5 Ng6 13. Bc6 Rb8 14. Ba8 Rxa8
15. Rb4 Bb7 16. a3 Qd7 17. Nf3 Qc6 18. Rb3 Nh4 19. Rb4 Nxf3+ 20. gxf3 a5 21. Rh4
e4 22. f4 Qxc3 23. Qc1 Bc8 24. h3 Be6 25. Rd1 Bc4 26. Kh2 Be2 27. Rg1 Bf3 28.
Rg3 Qc5 29. Rg5 Qc3 30. Rg3 b5 31. Qg1 Qxc2 32. Rxg7+ Kh8 33. Rh6 Qc3 34. Rg5
Rg8 35. Qg3 Qc5 36. Rxc5 Rxg3 37. fxg3 dxc5 38. Rxf6 Kg7 39. Rf5 c4 40. Rxb5 Rd8
41. Rg5+ Kf6 42. g4 c3 43. Rxa5 Ke6 44. Kg3 Rd5 45. Ra6+ Kd7 46. Rf6 Ke7 47. Rc6
Rd3 48. Rxc7+ Kd6 49. Rc4 Kd5 50. Rb4 c2 51. Rb5+ Kc4 52. Re5 c1=Q 53. Kh4 Qxa3
54. Re8 Kc3 55. Rc8+ Kd2 56. Rh8 Qe7+ 57. Kg3 Rxe3 58. Rxh7 Bh1+ 59. Kf2 Qa3 60.
Kg1 Re2 61. Kxh1 Qc1# 0-1

[Event "Alex x Boeing"]
[Site "http://www.queenalice.com/game.php?id=1099608"]
[Date "2012.9.4"]
[Round "-"]
[White "alex_white8706"]
[Black "Boeing"]
[Result "0-1"]
[WhiteElo "1746"]
[BlackElo "1906"]

1. c4 e5 2. d4 exd4 3. Qxd4 Nc6 4. Qe4+ Nge7 5. Qd3 d6 6. Bf4 Bf5 7. e4 Nb4 8.
Qd2 Nec6 9. exf5 Qe7+ 10. Be2 O-O-O 11. a3 Na6 12. Nh3 Re8 13. Nc3 h6 14. O-O g5
15. Be3 Bg7 16. Rfe1 Rd8 17. Nd5 Qe5 18. Bg4 f6 19. Bxa7 Qxe1+ 20. Rxe1 Nxa7 21.
Re7 Bf8 22. Rxc7+ Nxc7 23. Nxc7 Nc6 24. Ne6 Rd7 25. Bf3 g4 26. Bxg4 h5 27. Bd1
Bh6 28. Qc3 Rf7 29. f4 Kd7 30. Bxh5 Re7 31. Qxf6 Rhh7 32. Qg6 Na5 33. Qg8 Kc6
34. Bf3+ Kb6 35. Qa8 d5 36. Qd8+ Ka6 37. Nc5+ Ka7 38. Qxa5+ Kb8 39. Bxd5 Rc7 40.
Bg8 Rhe7 41. Ng5 Bxg5 42. fxg5 Rg7 43. Ne6 b6 44. Qd5 Rcd7 0-1

[Event "The game of all games"]
[Site "http://www.queenalice.com/game.php?id=1099615"]
[Date "2012.9.4"]
[Round "-"]
[White "alex_white8706"]
[Black "Wigmont"]
[Result "1-0"]
[WhiteElo "1838"]
[BlackElo "1300"]

1. e4 d5 2. Nc3 e6 3. a3 f5 4. d4 Nf6 5. Nf3 fxe4 6. Ng5 h6 7. Nh3 Nc6 8. Be2 e5
9. dxe5 Nxe5 10. Nf4 g5 11. Ng6 Nxg6 12. O-O Bd7 13. Nxd5 Ng4 14. Bxg4 Bb5 15.
Re1 c6 16. Rxe4+ Be7 17. Rxe7+ Nxe7 18. Nxe7 Qxe7 19. Bd2 Rd8 20. Bh5+ Kd7 21.
Ba5+ Bd3 22. Bxd8 Rxd8 23. Qxd3+ Kc7 24. Qg3+ Rd6 25. Bg6 Qe2 26. Bd3 b5 27.
Bxe2 a5 28. Qe5 b4 29. Ba6 a4 30. Qe7+ 1-0

[Event "Challenge"]
[Site "http://www.queenalice.com/game.php?id=1099944"]
[Date "2012.9.5"]
[Round "-"]
[White "alex_white8706"]
[Black "ravensentker"]
[Result "1-0"]
[WhiteElo "1665"]
[BlackElo "977"]

1. e4 c6 2. d4 d5 3. exd5 cxd5 4. Bb5+ Qd7 5. Bd3 h5 6. Nf3 Nf6 7. a4 Nc6 8. Bd2
a6 9. Bf5 Qxf5 10. Ng5 b5 11. axb5 Nxd4 12. Bc3 Nxb5 13. Bb4 Rh6 14. O-O Ne4 15.
Nxe4 Qxe4 16. Bc5 Qxc2 17. Qxc2 Rc6 18. b4 Rxc5 19. Qxc5 Nc3 20. Qxc3 d4 21.
Qxd4 f6 22. Nc3 e5 23. Qc5 Bxc5 24. bxc5 Kf8 25. Rad1 a5 26. Ne4 Bb7 27. Rb1 1-0

[Event "Challenge"]
[Site "http://www.queenalice.com/game.php?id=1099950"]
[Date "2012.9.5"]
[Round "-"]
[White "alex_white8706"]
[Black "Wigmont"]
[Result "0-1"]
[WhiteElo "1778"]
[BlackElo "1324"]

1. e4 d6 2. Nc3 Qd7 3. Bc4 b5 4. Bxf7+ Kxf7 5. Qh5+ g6 6. Qe2 Nc6 7. Nxb5 Ba6 8.
Nxd6+ cxd6 9. Qxa6 Nb4 10. Qc4+ d5 11. exd5 Nxd5 12. Nf3 Rc8 13. Qe4 Ngf6 14.
Ne5+ Ke8 15. Qh4 Qb5 16. Nxg6 Rg8 17. Nxe7 Bxe7 18. d3 Nb4 19. O-O Qc6 20. Bg5
Nd7 21. Qxb4 Rxg5 22. Qe4 Qh6 23. Qf4 Bd6 24. Qxd6 Qxd6 25. Rac1 Rh5 26. Rfe1+
Kf8 27. h3 Rg5 28. Re4 Qg6 29. g3 Nf6 30. Re2 Qh6 31. Rf1 Re8 32. b4 Rxe2 33.
Kg2 Rh5 34. h4 Qg6 35. a4 Rxh4 36. b5 Rxa4 37. c4 Qxd3 38. c5 Qd5+ 39. Kg1 Raa2
40. Kh2 Rxf2+ 41. Kg1 Qg2# 0-1

[Event "Challenge again"]
[Site "http://www.queenalice.com/game.php?id=1099952"]
[Date "2012.9.5"]
[Round "-"]
[White "alex_white8706"]
[Black "Wigmont"]
[Result "1-0"]
[WhiteElo "1722"]
[BlackElo "1315"]

1. g3 c5 2. e4 Nf6 3. a4 Nxe4 4. f3 Ng5 5. d4 d6 6. Bxg5 Qb6 7. c4 Qxb2 8. Nd2
Qxd4 9. Ne2 Qf6 10. Bxf6 exf6 11. Nf4 Bd7 12. Qe2+ Be7 13. Nd5 Be6 14. Nc7+ Kd7
15. Nxa8 Nc6 16. Nb6+ axb6 17. Bh3 Bxh3 18. Qe4 Re8 19. Qxh7 f5 20. Qxh3 Bf6+
21. Ne4 Bxa1 22. Qxf5+ Re6 23. Qxf7+ Ne7 24. Qxg7 Bxg7 25. h4 Nf5 26. g4 Ne3 27.
h5 d5 28. Nxc5+ Kd6 29. Nxe6 Kxe6 30. cxd5+ Kxd5 31. h6 Bc3+ 32. Kf2 Bd4 33. h7
Nxg4+ 34. Kf1 Ne3+ 35. Ke2 b5 36. h8=Q Bxh8 37. Rxh8 bxa4 38. Kxe3 Kc4 39. Rb8
b5 40. Rd8 b4 41. Rc8+ Kb3 42. f4 a3 43. f5 a2 44. Ra8 Kb2 45. f6 b3 46. f7 Kb1
47. f8=Q b2 48. Qb8 a1=Q 49. Rxa1+ Kxa1 50. Qa7+ Kb1 51. Qa3 Kc2 52. Qd3+ Kc1
53. Qf1+ 1-0

[Event "Challenge"]
[Site "http://www.queenalice.com/game.php?id=1101354"]
[Date "2012.9.9"]
[Round "-"]
[White "alex_white8706"]
[Black "EduardoObjetivo"]
[Result "1-0"]
[WhiteElo "1717"]
[BlackElo "1681"]

1. e4 c5 2. Nf3 d6 3. d4 cxd4 4. Nxd4 Nf6 5. Nc3 g6 6. Be3 Bg7 7. f3 Nc6 8. Qd2
O-O 9. Bc4 Bd7 10. O-O-O Qc7 11. Bb3 a6 12. h3 b5 13. g4 b4 14. Nd5 Qb7 15. Nxc6
Bxc6 16. Nxb4 Bb5 17. g5 Nd7 18. Bd5 Qc7 19. Bxa8 Rxa8 20. Nd5 Qb7 21. Nxe7+ Kh8
22. Qxd6 Be2 23. Rd4 Rb8 24. Qxd7 1-0

[Event "Challenge"]
[Site "http://www.queenalice.com/game.php?id=1116997"]
[Date "2012.10.29"]
[Round "-"]
[White "alex_white8706"]
[Black "Wigmont"]
[Result "0-1"]
[WhiteElo "1633"]
[BlackElo "1298"]

1. c3 e5 2. e3 d5 3. d4 f6 4. f4 g5 5. Bb5+ c6 6. Qh5+ Ke7 7. Ba4 gxf4 8. Nf3 f5
9. Nh4 Nf6 10. Qe2 Bh6 11. Nd2 fxe3 12. Qf1 exd2+ 13. Bxd2 Bxd2+ 14. Kxd2 Qb6
15. Bxc6 Nxc6 16. Qf3 Ne4+ 17. Kd3 Qxb2 18. Rab1 Qxc3+ 19. Ke2 Nxd4+ 20. Kd1
Nxf3 21. gxf3 Qd2# 0-1

[Event "Challenge"]
[Site "http://www.queenalice.com/game.php?id=1121326"]
[Date "2012.11.12"]
[Round "-"]
[White "alex_white8706"]
[Black "Wigmont"]
[Result "1-0"]
[WhiteElo "1586"]
[BlackElo "1344"]

1. e3 d5 2. c3 Bf5 3. g3 e6 4. Nf3 Ne7 5. Bb5+ c6 6. Ba4 Na6 7. d4 Qd6 8. Nbd2
g6 9. Nb3 Bg7 10. Qd2 O-O 11. Na5 Rab8 12. b4 c5 13. bxc5 Qc7 14. c6 Qxa5 15.
Rb1 Bxb1 16. Bb3 bxc6 17. Qd1 Be4 18. O-O Qxc3 19. Bd2 Qd3 20. Ne1 Qb5 21. f3
Bf5 22. f4 Nb4 23. g4 Be4 24. Nf3 f5 25. Ng5 Bd3 26. Bxb4 Qxb4 27. Qxd3 c5 28.
Nxe6 c4 29. Qe2 Rfe8 30. h3 Bf6 31. Nc7 Rec8 32. Na6 Qd6 33. Nxb8 Rxb8 34. Bc2
g5 35. gxf5 Kf7 36. Qh5+ Kg7 37. fxg5 Qg3+ 38. Kh1 Rb2 39. gxf6+ Kxf6 40. Qxh7
Rxc2 41. Qh6+ Kf7 42. Qh5+ Kg8 43. Qe8+ Kg7 44. Qxe7+ Kh6 45. Qe6+ Kh5 46. Qe8+
Kh6 47. Qh8+ Kg5 48. Qg7+ Kh4 49. Qh6# 1-0

[Event "Bobby Fischer"]
[Site "http://www.queenalice.com/game.php?id=1121327"]
[Date "2012.11.12"]
[Round "-"]
[White "Wigmont"]
[Black "alex_white8706"]
[Result "0-1"]
[WhiteElo "1342"]
[BlackElo "1595"]

1. e3 d5 2. Nc3 c6 3. Bd3 e6 4. Nf3 Qd6 5. O-O Qe5 6. Nxe5 Nf6 7. Re1 Ng4 8.
Nxg4 Bd6 9. a3 Na6 10. e4 Nc5 11. exd5 Nxd3 12. cxd3 cxd5 13. b4 h5 14. Nb5 Bb8
15. Nd6+ Bxd6 16. Ne3 O-O 17. Bb2 g6 18. Qc1 Bd7 19. Qc3 f6 20. g3 Rac8 21. Qd4
Be5 22. Qxa7 Bxb2 23. Rab1 Be5 24. Qxb7 Rc7 25. Qb6 Rc6 26. Qb5 Rd6 27. f4 Bxb5
28. fxe5 fxe5 29. Ra1 Bxd3 30. a4 e4 31. b5 Rf7 32. Rab1 d4 33. Ng2 Bxb1 34.
Rxb1 e3 35. Nf4 exd2 36. a5 Rc7 37. Rd1 Rc2 38. b6 Ra2 39. b7 Rb2 40. a6 Rxa6
41. Nxg6 Rxb7 42. h3 Rg7 43. Nh4 Rxg3+ 44. Kf2 Rg4 45. Nf3 Rf4 46. Rxd2 Ra3 47.
Kg3 Rfxf3+ 48. Kh4 Rxh3+ 49. Kg5 Rag3+ 50. Kh6 d3 51. Ra2 Rh1 52. Ra8+ Kf7 53.
Ra7+ Kf6 54. Rg7 Rhg1 55. Kh7 Rxg7+ 56. Kh6 R1g6+ 57. Kxh5 Rh7# 0-1

[Event "OS INCLIVEIS"]
[Site "http://www.queenalice.com/game.php?id=1122519"]
[Date "2012.11.15"]
[Round "-"]
[White "adelio"]
[Black "alex_white8706"]
[Result "1-0"]
[WhiteElo "1753"]
[BlackElo "1570"]

1. d4 e6 2. e4 Nf6 3. e5 Ne4 4. f3 Qh4+ 5. g3 Nxg3 6. hxg3 Qxh1 7. Nh3 c6 8. Nd2
Na6 9. Ne4 Bb4+ 10. c3 Be7 11. a3 O-O 12. Ra2 g6 13. b4 f5 14. exf6 Rxf6 15.
Nxf6+ Bxf6 16. Qd3 e5 17. Rb2 exd4 18. cxd4 d6 19. g4 Be6 20. Bf4 Bh4+ 21. Kd1
Kf8 22. Bxd6+ Be7 23. Bxe7+ Kxe7 24. Qe2 Nc7 25. Rd2 Re8 26. Kc2 Rd8 27. Nf4 Re8
28. Nxe6 Nxe6 29. d5 cxd5 30. Rxd5 Kf8 31. Rd6 Nd4+ 32. Rxd4 Rxe2+ 33. Bxe2 Qa1
34. Rf4+ Kg7 35. Bc4 Qxa3 36. Rf7+ Kh6 37. f4 Qxb4 38. g5+ Kh5 39. Be2+ Kh4 40.
Rxh7+ Kg3 41. Rh1 1-0

[Event "Challenge"]
[Site "http://www.queenalice.com/game.php?id=1122896"]
[Date "2012.11.16"]
[Round "-"]
[White "alex_white8706"]
[Black "pedroingles"]
[Result "0-1"]
[WhiteElo "1557"]
[BlackElo "1857"]

1. Nf3 Nf6 2. c4 d5 3. cxd5 Nxd5 4. d4 Bg4 5. Qa4+ Qd7 6. Qa5 Nc6 7. Qd2 e6 8.
Nc3 Bb4 9. a3 Bxc3 10. bxc3 O-O 11. e4 Nf6 12. Qe3 a6 13. Be2 Rad8 14. O-O Rfe8
15. g3 Bh3 16. Re1 Qe7 17. Rb1 b5 18. c4 bxc4 19. Bb2 Na5 20. Ng5 Bg4 21. f3 Bh5
22. Bc3 Qxa3 23. Rbc1 Nb3 24. h3 h6 25. Red1 Nxc1 26. Qxc1 Qxc1 0-1

[Event "Challenge"]
[Site "http://www.queenalice.com/game.php?id=1123660"]
[Date "2012.11.18"]
[Round "-"]
[White "alex_white8706"]
[Black "Boeing"]
[Result "0-1"]
[WhiteElo "1560"]
[BlackElo "1901"]

1. Nf3 d6 2. Nc3 e5 3. d3 h6 4. d4 exd4 5. Nxd4 c5 6. Nb3 c4 7. Ne4 cxb3 8. cxb3
Nf6 9. Nc3 Qb6 10. a3 Ng4 11. e3 a6 0-1

[Event "Challenge"]
[Site "http://www.queenalice.com/game.php?id=1124943"]
[Date "2012.11.22"]
[Round "-"]
[White "Eggchaser"]
[Black "alex_white8706"]
[Result "1-0"]
[WhiteElo "1819"]
[BlackElo "1577"]

1. d4 f5 2. Nf3 Nf6 3. g3 g6 4. Bg2 Bg7 5. O-O O-O 6. c4 Nc6 7. Nc3 Nxd4 8. Nxd4
d6 9. Bg5 c5 10. Nf3 Ne4 11. Nxe4 fxe4 12. Nd2 Bxb2 13. Rb1 Bc3 14. Nxe4 Be5 15.
Bh6 Bg7 16. Bxg7 Kxg7 17. Qd5 Qe8 18. Qd2 Rb8 19. Nc3 Qf7 20. Nd5 h6 21. Ne3 b6
22. a4 Be6 23. Bd5 Bxd5 24. cxd5 Rbc8 25. a5 bxa5 26. Qxa5 h5 27. h4 a6 28. Rb7
Qe8 29. Qxa6 Rb8 30. Rfb1 1-0

[Event "Challenge"]
[Site "http://www.queenalice.com/game.php?id=1126494"]
[Date "2012.11.28"]
[Round "-"]
[White "alex_white8706"]
[Black "Wigmont"]
[Result "1-0"]
[WhiteElo "1603"]
[BlackElo "1342"]

1. Nc3 e5 2. Nf3 Nc6 3. d4 d5 4. Nxe5 Nb4 5. e4 Nf6 6. a3 Na6 7. Bb5+ c6 8. Bxa6
bxa6 9. Qe2 Qd6 10. exd5 cxd5 11. Nxf7+ Kxf7 12. O-O Ng4 13. Qf3+ Ke7 14. Nxd5+
Kd7 15. Qxg4+ Kc6 16. Nb4+ Kb6 17. Qe4 Qb8 18. Qc6+ Ka5 19. Nd5 Bd6 20. Bd2+ Bb4
21. Bxb4+ Qxb4 22. axb4# 1-0

[Event "you little beeoch!"]
[Site "http://www.queenalice.com/game.php?id=1127504"]
[Date "2012.12.1"]
[Round "-"]
[White "Wigmont"]
[Black "alex_white8706"]
[Result "1-0"]
[WhiteElo "1342"]
[BlackElo "1611"]

1. d4 g6 2. e4 Bg7 3. Nf3 Nf6 4. Bd3 O-O 5. e5 Ne8 6. g3 d6 7. h4 Nc6 8. h5 gxh5
9. Ng5 f5 10. Qxh5 Nf6 11. Bc4+ d5 12. exf6 Qd6 13. Qxh7# 1-0